|
|
|
|
| LEADER |
02007nam a2200361 u 4500 |
| 001 |
10026085 |
| 003 |
upatras |
| 005 |
20210117205931.0 |
| 008 |
970408s1986 us eng |
| 020 |
|
|
|a 1882484002
|
| 040 |
|
|
|a GR-PaULI
|c GR-PaULI
|
| 041 |
0 |
|
|a eng
|
| 082 |
0 |
4 |
|a 522.682
|
| 100 |
1 |
|
|9 25238
|a Kraus, John Daniel,
|d 1910-2004
|
| 245 |
1 |
0 |
|a Radio astronomy
|c by John D. Kraus
|
| 250 |
|
|
|a 2nd edition
|
| 260 |
|
|
|a Powell, Ohio
|b Cygnus-Quasar Books
|c 1986
|
| 300 |
|
|
|a var. pag.
|b fig.
|c 22 cm.
|
| 504 |
|
|
|a Includes references and appendices
|
| 650 |
|
4 |
|a Ραδιοαστρονομία
|9 17
|
| 852 |
|
|
|a GR-PaULI
|b ΠΑΤΡΑ
|b ΒΚΠ
|b ΒΣ1
|k ΑΣΧΞ
|h 522.682 K
|m 20404
|p 025000055846
|t 1
|
| 852 |
|
|
|a GR-PaULI
|b ΠΑΤΡΑ
|b ΒΚΠ
|b ΒΣ1
|k ΑΣΧΞ
|h 522.682 K
|m 045675
|p 025000059144
|t 4
|
| 852 |
|
|
|a GR-PaULI
|b ΠΑΤΡΑ
|b ΦΥΣΙΚΟ
|k ΑΣΧΞ-1
|h 522.682 KRA
|m 20405
|p 025000021724
|t 2
|
| 852 |
|
|
|a GR-PaULI
|b ΠΑΤΡΑ
|b ΦΥΣΙΚΟ
|k ΑΣΧΞ-1
|h 522.682 KRA
|m 20406
|p 025000023391
|t 3
|
| 852 |
|
|
|a GR-PaULI
|b ΠΑΤΡΑ
|b ΦΥΣΙΚΟ
|k ΑΣΧΞ-1
|h 522.682 KRA
|m 045677
|p 025000059140
|t 5
|
| 942 |
|
|
|2 ddc
|c BK15
|
| 952 |
|
|
|0 0
|1 0
|4 0
|6 522_682000000000000_K
|7 0
|9 196066
|a LISP
|b LISP
|c BSC
|d 2016-04-24
|i 20404
|l 0
|o 522.682 K
|p 025000055846
|r 2016-04-24 00:00:00
|t 1
|w 2016-04-24
|y BK15
|
| 952 |
|
|
|0 0
|1 0
|4 0
|6 522_682000000000000_K
|7 0
|9 196067
|a LISP
|b LISP
|c BSC
|d 2016-04-24
|i 045675
|l 0
|o 522.682 K
|p 025000059144
|r 2016-04-24 00:00:00
|t 4
|w 2016-04-24
|y BK15
|
| 952 |
|
|
|0 0
|1 0
|4 0
|6 522_682000000000000_KRA
|7 0
|9 196068
|a PHYS
|b PHYS
|d 2016-04-24
|i 20405
|l 0
|o 522.682 KRA
|p 025000021724
|r 2016-04-24 00:00:00
|t 2
|w 2016-04-24
|y BK15
|
| 952 |
|
|
|0 0
|1 0
|4 0
|6 522_682000000000000_KRA
|7 0
|9 196069
|a PHYS
|b PHYS
|d 2016-04-24
|i 20406
|l 0
|o 522.682 KRA
|p 025000023391
|r 2016-04-24 00:00:00
|t 3
|w 2016-04-24
|y BK15
|
| 952 |
|
|
|0 0
|1 0
|4 0
|6 522_682000000000000_KRA
|7 0
|9 196070
|a PHYS
|b PHYS
|d 2016-04-24
|i 045677
|l 0
|o 522.682 KRA
|p 025000059140
|r 2016-04-24 00:00:00
|t 5
|w 2016-04-24
|y BK15
|
| 998 |
|
|
|c ΠΑΝΑΓΟΠΟΥΛΟΥ
|d 1999-07
|
| 999 |
|
|
|c 120305
|d 120305
|